Statistiques concernant Les Michel connus

Cliquez ici pour prendre le quiz!

Statistiques générales

  • Ce quiz a été pris 170 fois
  • Le résultat moyen est 8 sur 15

Statistiques - réponses

HintRéponse% Correct
Chanteur français qui interprète "Les Lacs du Connemera"Sardou
90%
Animateur télé, notamment avec "Vivement dimanche!"Drucker
86%
Footballeur français, ancien joueur de la JuventusPlatini
80%
Chanteur qui interprète "Le paradis blanc"Berger
75%
Humoriste français mort accidentellement en 1986Coluche
75%
Chanteur français, interprète de "Love Me, Please Love Me"Polnareff
72%
Chanteur français, auteur d'"Une belle histoire"Fugain
58%
Acteur français ayant joué dans "Le gendarme de St Tropez"Galabru
57%
Politicien français, ancien Premier MinistreRocard
39%
Réalisateur des deux premiers "OSS 117"Hazanavicius
34%
Ancien sélectionneur des l'équipe de France de Football masculinHidalgo
33%
Ecrivain français, auteur des "Particules élémentairesHouellebecq
26%
Journaliste, commentateur sportif et présentateur télé françaisDenisot
18%
Philosophe français décédé en 1984Foucault
15%
Ancien ministre de l'économieSapin
15%

Distribution des résultats

Percentile par nombre de réponses

% des personnes avec chaque résultat

Votre développement - résultats

Vous n’avez pas pris ce quiz